000 00281nam a22001337a 4500
008 171010b xxu||||| |||| 00| 0 eng d
020 _a9781556523175
041 _aeng
080 _a316
100 _a50
101 _aSOC
245 _aWOMEN INVENT!
_cCASEY, S
942 _2udc
_cBK
999 _c32777
_d32777